00468nam a2200157 i 4500001000700000003000900007005001700016007000300033008004100036100002700077245006200104260005000166300003200216600004100248852002100289107544ES-MaACL20251013200711.0t|061121s1934 xxu r ||||1| eng d1 aMore, Louis Trenchard.10aIsaac Newton b: a biography / cby Louis Trenchard More. aNew York : bCharles Scribner's Sons, c1934. aXII, 675 p. 1 lám ; c24.04aNewton, Isaac, cSir-xBiografías aES-MaACLjA-3811